Veľká odpadová revolúcia
Opatrenia, ktoré prijala Európska komisia a ktoré smerujú k takzvanému circular economy - ekonomike v ktorej výrobky a materiály cirkulujú. Súčasná odpadová legislatíva a nové ciele pre rôzne odpady.
Na minha lista:
| Autor principal: | |
|---|---|
| Formato: | Capítulo de Livro |
| Idioma: | eslovaco |
| Assuntos: | |
| Tags: |
Sem tags, seja o primeiro a adicionar uma tag!
|
MARC
| LEADER | 00000naa a2200000 4500 | ||
|---|---|---|---|
| 001 | 0195001 | ||
| 005 | 20231011123529.3 | ||
| 041 | 0 | |a slo | |
| 044 | |a SK | ||
| 245 | 1 | 0 | |a Veľká odpadová revolúcia |c Marián Hudec |
| 520 | |a Opatrenia, ktoré prijala Európska komisia a ktoré smerujú k takzvanému circular economy - ekonomike v ktorej výrobky a materiály cirkulujú. Súčasná odpadová legislatíva a nové ciele pre rôzne odpady. | ||
| 610 | 2 | 0 | |a hospodárstvo odpadové |
| 610 | 2 | 0 | |a spracovanie odpadu |
| 610 | 2 | 0 | |a suroviny druhotné |
| 610 | 2 | 0 | |a recyklácia odpadu |
| 610 | 2 | 0 | |a zber surovín |
| 610 | 2 | 0 | |a technológie nové |
| 100 | 1 | |a Hudec, Marián | |